| 000 | 00677ntaaa2200241 4500 | ||
|---|---|---|---|
| 003 | 01 | ||
| 005 | 20251027201329.0 | ||
| 008 | 0714s1973 ag 01 | ||
| 020 | _a8430105506 | ||
| 040 |
_aAR-BaBN _bspa _cAR-BaBN _eaacr _dRIC |
||
| 082 | _a232.8 P19f | ||
| 100 |
_aPannenberg, Wolfhart _93927 |
||
| 245 |
_aFundamentos de Cristología / _cWolfhart Pannenberg, traducido por Joan Leita |
||
| 250 | _a1ª ed. | ||
| 260 |
_aSalamanca : _bSigueme, _c1973 |
||
| 300 | _a511 p. | ||
| 490 |
_aLux Mundi ; _v37 |
||
| 500 | _aLa biblioteca posee la obra en inglés | ||
| 650 |
_aCRISTOLOGIA _91723 |
||
| 650 | _aTEOLOGIA | ||
| 700 |
_aLeita, Joan _etraductor _911626 |
||
| 942 | _cBK | ||
| 999 |
_c7777 _d7777 |
||